10 Closest AEIOU Countries to New Zealand - Statistics

General Stats
  • This quiz has been taken 131 times
    91 since last reset
  • The average score is 6 of 10
Answer Stats
km country miles % Correct
1303 Australia 810
93%
4283 Indonesia 2661
89%
9794 India 6086
80%
6807 United States 4230
73%
9826 Uruguay 6103
62%
9950 Ecuador 6180
61%
7497 Argentina 4658
57%
12,861 Afghanistan 7991
54%
13,353 Iran 8297
54%
11,968 Angola 7436
22%
No matching quizzes found
Score Distribution
Percent of People with Each Score
Percentile by Number Answered
Your Score History
You have not taken this quiz since the last reset